| 000 | 01572nam2a22002531 4500 | ||
|---|---|---|---|
| 001 | RU\NLR\INFOCOMM55\1000050303 | ||
| 005 | 20250617105633.0 | ||
| 035 | _a(NLR Aleph) 002558341 | ||
| 090 |
_a3081391 _c3081391 |
||
| 100 | _a20040519d1961 |||y0rusy50 ca | ||
| 101 | 0 | _arus | |
| 102 | _aRU | ||
| 105 | _ay ||||||||| | ||
| 200 | 1 |
_aСовременные процессы производства полиолефинов _fМ. Ситтиг |
|
| 210 |
_d1961 _aБ. м. |
||
| 461 | 0 |
_1001RU\NLR\INFOCOMM55\1000050301 _12001#$aНефтехимия за рубежом$e(Обзор зарубежной литературы)$fМ-во нефтеперерабатывающей и нефтехим. пром-сти СССР. Центр. науч.-исслед. ин-т техн.-экон. исследований нефтеперерабатывающей и нефтехим. пром-сти. ЦНИИТЭнефтехим$v1961, Вып.2 _93081382 _cМ. _d1961- _fМ-во нефтеперерабатывающей и нефтехим. пром-сти СССР. Центр. науч.-исслед. ин-т техн.-экон. исследований нефтеперерабатывающей и нефтехим. пром-сти. ЦНИИТЭнефтехим _o(Обзор зарубежной литературы) _tНефтехимия за рубежом _v1961, Вып.2 |
|
| 700 | 1 |
_aСиттиг _bМ. _4070 |
|
| 801 | 1 |
_aRU _bInfoComm _c20040519 |
|
| 801 | 0 |
_aRU _bNLR _gPSBO |
|
| 852 |
_aNLR _jП11/2159 |
||
| 942 | _cISSUE | ||
| 980 | _aNB | ||
| 980 | _aRUSPER | ||